1 Billion streams club : Linkin Park - Statistics

General Stats
  • This quiz has been taken 17 times
  • The average score is 5 of 7
Answer Stats
Album Song Streams % Correct
Meteora Numb 2.7B
94%
Collision Course(ft. Jay-Z) Numb/Encore 1.3B
94%
Hybrid Theory In The End 3.1B
88%
Minutes to Midnight What I've Done 1.4B
71%
Hybrid Theory One Step Closer 1.2B
59%
Meteora Somewhere I Belong 1.0B
59%
Meteora Faint 1.3B
53%
No matching quizzes found
Score Distribution
Percent of People with Each Score
Percentile by Number Answered
Your Score History
You have not taken this quiz